00785nam a2200217Ia 4500003000400000005001700004006001800021007000300039008004100042024001100083037002600094040001800120041001300138082002400151110009200175245005100267700009200318942002800410999001900438952011000457OSt20220927104452.0a|||||r|||| 00| 0ta220926b |||||||| |||| 00| 0 eng d a147399 cReference Collections aRTLcRTLbeng 2engaeng a"X:551.1.N5, H7/UN" aUN; International commodity arrangements (Interim co-ordinating committee for-)9366129 0aReview of International Commodity arrangements aUN; International commodity arrangements (Interim co-ordinating committee for-)9366130 h"X:551.1.N5, H7/UN"cCC c687670d687670 00104070aRTLbRTLd2022-09-27l0o"X:551.1.N5 H7/UN"pRT0053898Ar2022-09-27 00:00:00w2022-09-27yref